| 000 | 00923nam a22002177a 4500 | ||
|---|---|---|---|
| 999 |
_c370734 _d370734 |
||
| 008 | 201130b ||||| |||| 00| 0 eng d | ||
| 040 |
_bger _cDE-2950 _erda _aDE-2950 |
||
| 041 | _ager | ||
| 100 | _aKretzschmar, Ida:: | ||
| 245 |
_aDie einfachsten Dinge des Glücks. _bDer Name Thomas Kläber steht für fotografische Porträts des Landlebens. der 65-Jährige zeigt nun im Wendischen Museum Cottbus eine Auslese seiner künstlerischen Arbeiten aus der Region ... _cIda Kretzschmar |
||
| 264 | _c2021 | ||
| 490 |
_aBrandenburger Blätter _v14./15.08.2021 |
||
| 653 | _aCottbus | ||
| 653 | _aWendisches Museum | ||
| 653 | _aFotoausstellung | ||
| 773 |
_dFrankfurt (Oder): Märkisches Verlags- und Druckhaus GmbH & Co KG _g32. Jahrgang (2021) Nr. 188 vom 14./15.08.2021, Journal am Wochenende, S. 5: Foto _tMärkische Oderzeitung |
||
| 942 | _cA | ||